000 00329nam a22001457a 4500
008 230627b ||||| |||| 00| 0 eng d
020 _a97813390071101
041 _aeng
080 _2SEVENTH EDITION
_a94
082 _a94WIN
100 _a28
101 _aHIS
245 _aA HISTORY OF CIVILIZATION
_cWINKS
942 _2udc
_cBK
999 _c60057
_d60057